000 00700nam a2200193Ia 4500
003 LDD
008 190117s9999 xx 000 0 und d
020 _a9789351865483
_c₹250
040 _cLDD
041 _ahi
082 _a8H3.7 भा6442ध
100 _aभारती, धर्मवीर
245 0 _aधर्मवीर भारती की लोकप्रिय कहानियां
_cधर्मवीर भारती
260 _aदिल्ली
_bप्रभात प्रकाशन
_c2016
300 _a184p.
901 _aKGP
904 _aReqst by : Jitendra kumar srivasta
942 _2ddc
_cH
999 _c165442
_d165442